| LEADER 00000nam 2200000uu 4500 |
| 001 213236 |
| 003 ULIBM |
| 008 230606s||||||||th 000 0 tha d |
| 020 ^a978-616-434-324-5 (ปกแข็ง)
|
| 040 ^abcnkk
|
| 041 1 ^atha
|
| 060 04 ^aQS17^bอ939ผ 2566
|
| 100 1 ^aแอชเวลล์, เคน
|
| 245 10 ^aแผนที่ร่างกายมนุษย์ =^bThe human body atlas /^cเคน แอชเวลล์,เขียน ; น้ำทิพย์ พันธุ์อนุกูล, แปล
|
| 246 31 ^aThe human body atlas
|
| 260 ^aกรุงเทพฯ :^bแอร์โรว์,^c2566
|
| 300 ^a224 หน้า :^bภาพประกอบ ;^c30 ซม.
|
| 500 ^aมีดัชนี
|
| 505 0 ^aระบบร่างกาย (The Body Systems) : ระบบโครงกระดูก --ระบบกล้ามเนื้อ -- ระบบประสาท -- ระบบประสาทอัตโนมัติ --ระบบไหลเวียนเลือด -- ระบบน้ำเหลืองและภูมิคุ้มกัน -- ระบบย่อยอาหาร --ระบบหายใจ -- ระบบปัสสาวะ -- ระบบสืบพันธุ์เพศชาย --ระบบสืบพันธุ์เพศหญิง -- ระบบต่อมไร้ท้อ -- ระบบผิวหนัง --ส่วนของร่างกาย (The Body Regions) : ศีรษะ -- คอ -- ลำตัว --อกและช่องอก -- ช่องท้อง -- อวัยวะในระบบปัสสาวะและสืบพันธุ์ -- ไหล่แขน และมือ -- สะโพก ขา และเท้า -- วงจรชีวิตมนุษย์.
|
| 650 4 ^aร่างกาย
|
| 650 4 ^aกายวิภาคศาสตร์มนุษย์
|
| 650 4 ^aกายวิภาคศาสตร์
|
| 650 4 ^aสรีรวิทยา
|
| 700 0 ^aน้ำทิพย์ พันธุ์อนุกูล,^eผู้แปล
|
| 999 ^aใช้งานได้ทุกระบบ
|